Tiere des Jahres in Deutschland - Statistiken

Allgemein
  • Dieses Quiz wurde 299 mal gespielt
  • Das Durchschnittsergebnis liegt bei 23 aus 29
Antwortstatistiken
Bildquiz Hint Antwort % Korrekt
2019 Reh
99%
2015 Feldhase
97%
2020 Maulwurf
97%
2009 Braunigel
95%
2005 Braunbär
92%
2001 Feldhase
92%
2003 Wolf
92%
2002 Rotwild
89%
2007 Elch
88%
2017 Haselmaus
87%
1994 Rotwild
86%
1992 Fledermaus
85%
2010 Dachs
84%
2011 Europäischer Luchs
84%
2016 Feldhamster
83%
1995 Apollofalter
79%
1999 Fischotter
79%
2013 Mauswiesel
79%
2014 Wisent
79%
2008 Wisent
79%
1996 Feldhamster
77%
2018 Europäische Wildkatze
75%
1998 Unke
75%
1993 Europäische Wildkatze
70%
2012 Gämse
68%
2006 Seehund
68%
1997 Alpsteinbock
60%
2000 Äskulapnatter
58%
2004 Siebenschläfer
25%
Keine übereinstimmenden Quizze gefunden
Verteilung der Resultate
Anzahl Personen mit jedem Resultat
Perzentil nach korrekt beantworteten Fragen
Ihre Resultats-Entwicklung
Sie haben dieses Quiz noch nicht gespielt